000 00698nam a22001815i 4500
001 68583
003 ES-MaACL
005 20230906170318.0
007 t|
008 960809s1886 mx ||||1| spa d
040 _aCAM
_bspa
_cCAM
100 1 _aGassier, Alfred.
_955910
245 1 0 _aJuarez ó la guerra de Méjico
_b: drama en cinco actos /
_cescrito en francés por Alfredo Gassier ; y traducido al castellano por Agustín A. Nuñez.
260 _aMexico :
_b[s.n.],
_c1886 (
_fTip. "El Socialista")
300 _a88 p. ;
_c22 cm.
700 1 _aNuñez, Agustín A.
_986137
852 _aES-MaACL
_jZ-3-F-15
_z.- Anotación manuscrita: Sr. senador D. Carlos Quaglia, presente
_xOlim: 1562-F-5
999 _c68583
_d68583